Environmental and socioeconomic status of the Hampshire energy project : report to the chairman, Subcommittee on Environment, Energy, and Natural Resources, Committee on Government Operations, House of Representatives /

Bibliographic Details
Corporate Authors: United States. General Accounting Office, United States. Congress. House. Committee on Government Operations. Environment, Energy, and Natural Resources Subcommittee
Format: Microform Book
Language:English
Published: Washington, D.C. : The Office, [1982]
Series:Energy and agriculture. GEN 300.
Subjects:

MARC

Tag First Indicator Second Indicator Subfields
LEADER 00000cam a2200000La 4500
001 in00001014521
005 20150927225331.0
007 he amb024baca
007 he umb---buca
008 830727r19841982ncu b f00010 eng d
035 |a (OCoLC)16800668 
035 |9 AFE1706AM 
037 |a CL0091000002  |b University Microfilms International 
037 |b University Microfilms International, 300 N. Zeeb Rd., Ann Arbor, MI 48106 
040 |a UMI  |c UMI  |d UtOrBLW 
043 |a n-us-wy 
049 |a TXAI 
099 |a fiche  |a S  |a 104  |a GEN 300 
110 1 |a United States.  |b General Accounting Office. 
245 1 0 |a Environmental and socioeconomic status of the Hampshire energy project :  |b report to the chairman, Subcommittee on Environment, Energy, and Natural Resources, Committee on Government Operations, House of Representatives /  |c by the U.S. General Accounting Office. 
264 1 |a Washington, D.C. :  |b The Office,  |c [1982] 
300 |a 3, 23 pages ;  |c 28 cm. 
336 |a text  |b txt  |2 rdacontent 
337 |a microform  |b h  |2 rdamedia 
338 |a microfiche  |b he  |2 rdacarrier 
500 |a Cover title. 
500 |a "GAO/RCED-83-38." 
500 |a "October 22, 1982." 
504 |a Includes bibliographical references. 
533 |a Microfiche.  |b Sanford, N.C. :  |c Microfilming Corp. of America,  |d 1984.  |e 1 sheet ; 11 x 15 cm.  |f (Energy and agriculture : 1984 ; GEN 300) 
500 |a Microform. 
610 2 0 |a Hampshire Energy Company. 
650 0 |a Synthetic fuels industry  |z Wyoming. 
650 0 |a Coal liquefaction  |z Wyoming. 
710 1 |a United States.  |b Congress.  |b House.  |b Committee on Government Operations.  |b Environment, Energy, and Natural Resources Subcommittee. 
830 0 |a Energy and agriculture.  |n 1984 ;  |v GEN 300. 
999 |a MARS 
999 f f |s fb5d2e11-b24b-3bbd-a6a8-11f150863e73  |i d91f7f5b-624e-3611-9b94-02fcc601bc1b  |t 0 
952 f f |p default  |a Texas A&M University  |b College Station  |c Sterling C. Evans Library  |d Evans: Microforms (3rd floor)  |t 0  |e fiche S 104 GEN 300  |h Other scheme  |i microform -- microfiche 
998 f f |a fiche S 104 GEN 300  |t 0  |l Evans: Microforms (3rd floor)